00773nam a2200241 a 4500001001300000003000900013005001700022008004100039020002300080082001700103100002000120245008100140260004200221300000900263500003500272505002700307650002900334700002000363902000800383942000700391952011800398999001500516nice12345678IN_TiNIC20260116013114.0050524s1988 loua grp 000 0 eng  a066419X c87400a230.082bRUS aRussel, Letty M aInheriting Our Mothers Gardensb Feminist Theology in Third World Perspectiv aLouisvillebWestminister Press c1988 a181p aincludes index and biblioraphy2 aAnnotated bibliography aWomen-Christian Theology1 aRussel, Letty M bSRS cBK 001040708StackRoom-aHMIbHMId2007-06-13g874.00l0o230.082 RUSp019881r2007-06-13v874.00w2005-05-24yBK c9667d9667